Statistics for 日本の市町村1999 #3(関東)

Click here to take the quiz!

General Stats

  • This quiz has been taken 26 times
  • The average score is 277 of 476

Answer Stats

都道府県所属郡名市区町村名% Correct
群馬県前橋市
89%
東京都品川区
89%
千葉県千葉市
89%
東京都立川市
89%
東京都新宿区
89%
東京都港区
89%
東京都江東区
89%
東京都足立区
89%
東京都昭島市
89%
東京都江戸川区
89%
東京都府中市
83%
東京都大田区
83%
東京都杉並区
83%
東京都練馬区
83%
東京都板橋区
83%
東京都豊島区
83%
東京都目黒区
83%
東京都中野区
83%
東京都墨田区
83%
東京都渋谷区
83%
東京都文京区
83%
東京都台東区
83%
東京都千代田区
83%
千葉県浦安市
83%
栃木県宇都宮市
83%
東京都三鷹市
83%
東京都世田谷区
83%
茨城県水戸市
83%
神奈川県横須賀市
83%
神奈川県横浜市
83%
神奈川県三浦市
78%
神奈川県海老名市
78%
神奈川県秦野市
78%
東京都中央区
78%
神奈川県逗子市
78%
千葉県鴨川市
78%
千葉県館山市
78%
千葉県茂原市
78%
千葉県銚子市
78%
千葉県佐倉市
78%
千葉県我孫子市
78%
神奈川県鎌倉市
78%
神奈川県中郡二宮町
78%
千葉県成田市
78%
千葉県習志野市
78%
千葉県市原市
78%
千葉県柏市
78%
千葉県松戸市
78%
千葉県市川市
78%
千葉県船橋市
78%
神奈川県足柄下郡湯河原町
78%
群馬県高崎市
78%
埼玉県狭山市
78%
埼玉県所沢市
78%
神奈川県大和市
78%
東京都国立市
78%
神奈川県小田原市
78%
東京都西多摩郡奥多摩町
78%
東京都あきる野市
78%
東京都青梅市
78%
東京都多摩市
78%
東京都武蔵野市
78%
東京都小金井市
78%
東京都清瀬市
78%
東京都調布市
78%
東京都武蔵村山市
78%
東京都狛江市
78%
東京都町田市
78%
東京都八王子市
78%
栃木県芳賀郡二宮町
78%
東京都東村山市
78%
東京都(島嶼部)大島町
78%
東京都(島嶼部)八丈町
78%
東京都(島嶼部)小笠原村
78%
東京都北区
78%
東京都葛飾区
78%
神奈川県川崎市
78%
神奈川県相模原市
78%
神奈川県藤沢市
78%
神奈川県平塚市
78%
東京都荒川区
78%
神奈川県茅ヶ崎市
78%
神奈川県厚木市
78%
神奈川県足柄下郡箱根町
78%
群馬県安中市
78%
群馬県藤岡市
78%
群馬県渋川市
78%
群馬県勢多郡東村
78%
群馬県館林市
78%
群馬県佐波郡東村
78%
群馬県富岡市
78%
群馬県桐生市
78%
群馬県伊勢崎市
78%
群馬県吾妻郡東村
78%
群馬県太田市
78%
群馬県沼田市
78%
埼玉県坂戸市
72%
埼玉県飯能市
72%
埼玉県本庄市
72%
埼玉県桶川市
72%
埼玉県蓮田市
72%
埼玉県日高市
72%
埼玉県鳩ヶ谷市
72%
栃木県大田原市
72%
埼玉県鶴ヶ島市
72%
埼玉県与野市
72%
埼玉県蕨市
72%
埼玉県羽生市
72%
埼玉県入間郡大井町
72%
栃木県佐野市
72%
栃木県真岡市
72%
栃木県鹿沼市
72%
埼玉県上福岡市
72%
埼玉県新座市
72%
埼玉県深谷市
72%
埼玉県春日部市
72%
埼玉県浦和市
72%
埼玉県大宮市
72%
埼玉県川口市
72%
栃木県日光市
72%
埼玉県川越市
72%
埼玉県越谷市
72%
埼玉県草加市
72%
埼玉県加須市
72%
埼玉県上尾市
72%
埼玉県熊谷市
72%
埼玉県戸田市
72%
埼玉県入間市
72%
千葉県野田市
72%
栃木県矢板市
72%
埼玉県岩槻市
72%
栃木県足利市
72%
千葉県佐原市
72%
千葉県流山市
72%
東京都(島嶼部)三宅村
72%
東京都東久留米市
72%
東京都稲城市
72%
東京都田無市
72%
東京都西多摩郡瑞穂町
72%
東京都西多摩郡檜原村
72%
東京都(島嶼部)神津島村
72%
神奈川県伊勢原市
72%
東京都日野市
72%
神奈川県綾瀬市
72%
神奈川県南足柄市
72%
神奈川県高座郡寒川町
72%
神奈川県津久井郡津久井町
72%
神奈川県中郡大磯町
72%
神奈川県足柄上郡大井町
72%
東京都国分寺市
72%
東京都小平市
72%
栃木県栃木市
72%
千葉県印西市
72%
栃木県小山市
72%
千葉県鎌ケ谷市
72%
千葉県四街道市
72%
千葉県東金市
72%
茨城県鹿島郡鉾田町
72%
千葉県八街市
72%
千葉県君津市
72%
群馬県吾妻郡長野原町
72%
千葉県富津市
72%
千葉県旭市
72%
千葉県勝浦市
72%
千葉県印旛郡印旛村
72%
千葉県長生郡一宮町
72%
千葉県安房郡鋸南町
72%
群馬県吾妻郡嬬恋村
72%
茨城県久慈郡大子町
72%
埼玉県大里郡寄居町
72%
茨城県行方郡潮来町
72%
茨城県北茨城市
72%
茨城県土浦市
72%
茨城県日立市
72%
茨城県石岡市
72%
茨城県牛久市
72%
茨城県鹿嶋市
72%
茨城県古河市
72%
茨城県取手市
72%
茨城県常陸太田市
72%
茨城県つくば市
72%
茨城県高萩市
72%
茨城県水海道市
72%
茨城県笠間市
72%
埼玉県北本市
67%
茨城県猿島郡五霞町
67%
埼玉県志木市
67%
埼玉県三郷市
67%
千葉県印旛郡白井町
67%
千葉県香取郡神崎町
67%
千葉県匝瑳郡光町
67%
埼玉県秩父市
67%
埼玉県和光市
67%
千葉県山武郡大網白里町
67%
千葉県山武郡成東町
67%
茨城県筑波郡伊奈町
67%
千葉県山武郡横芝町
67%
茨城県猿島郡境町
67%
千葉県山武郡芝山町
67%
埼玉県北足立郡伊奈町
67%
千葉県印旛郡酒々井町
67%
埼玉県鴻巣市
67%
埼玉県幸手市
67%
千葉県長生郡長生村
67%
埼玉県南埼玉郡白岡町
67%
埼玉県南埼玉郡宮代町
67%
茨城県龍ケ崎市
67%
千葉県袖ケ浦市
67%
千葉県木更津市
67%
千葉県八千代市
67%
埼玉県入間郡越生町
67%
栃木県今市市
67%
茨城県結城市
67%
栃木県黒磯市
67%
埼玉県比企郡小川町
67%
埼玉県富士見市
67%
埼玉県東松山市
67%
埼玉県朝霞市
67%
群馬県邑楽郡板倉町
67%
東京都保谷市
67%
東京都福生市
67%
茨城県那珂郡東海村
67%
東京都羽村市
67%
東京都西多摩郡日の出町
67%
東京都(島嶼部)青ヶ島村
67%
茨城県東茨城郡小川町
67%
栃木県芳賀郡芳賀町
67%
東京都東大和市
67%
神奈川県座間市
67%
神奈川県三浦郡葉山町
67%
神奈川県愛甲郡愛川町
67%
神奈川県津久井郡藤野町
67%
神奈川県津久井郡相模湖町
67%
神奈川県足柄上郡開成町
67%
神奈川県足柄上郡松田町
67%
神奈川県足柄下郡真鶴町
67%
群馬県佐波郡境町
67%
茨城県那珂郡大宮町
67%
埼玉県児玉郡児玉町
67%
群馬県吾妻郡中之条町
67%
茨城県北相馬郡利根町
67%
千葉県安房郡千倉町
67%
群馬県利根郡水上町
67%
栃木県那須郡烏山町
67%
栃木県那須郡小川町
67%
栃木県那須郡那須町
67%
群馬県吾妻郡草津町
67%
群馬県甘楽郡下仁田町
67%
群馬県碓氷郡松井田町
67%
栃木県塩谷郡氏家町
61%
埼玉県秩父郡横瀬町
61%
埼玉県秩父郡東秩父村
61%
群馬県甘楽郡甘楽町
61%
神奈川県足柄上郡山北町
61%
千葉県長生郡長南町
61%
千葉県夷隅郡大多喜町
61%
茨城県岩井市
61%
神奈川県足柄上郡中井町
61%
埼玉県大里郡岡部町
61%
千葉県香取郡多古町
61%
神奈川県愛甲郡清川村
61%
栃木県下都賀郡石橋町
61%
群馬県群馬郡群馬町
61%
千葉県八日市場市
61%
千葉県山武郡九十九里町
61%
茨城県下妻市
61%
千葉県香取郡東庄町
61%
千葉県夷隅郡大原町
61%
茨城県下館市
61%
群馬県北群馬郡榛東村
61%
東京都(島嶼部)御蔵島村
61%
栃木県芳賀郡茂木町
61%
東京都(島嶼部)新島村
61%
栃木県塩谷郡高根沢町
61%
栃木県塩谷郡塩谷町
61%
茨城県ひたちなか市
61%
埼玉県北葛飾郡杉戸町
61%
埼玉県久喜市
61%
埼玉県比企郡嵐山町
61%
茨城県北相馬郡守谷町
61%
埼玉県行田市
61%
埼玉県北葛飾郡栗橋町
61%
埼玉県吉川市
61%
茨城県鹿島郡神栖町
61%
茨城県稲敷郡美浦村
61%
埼玉県八潮市
61%
茨城県東茨城郡大洗町
61%
千葉県夷隅郡夷隅町
56%
千葉県長生郡白子町
56%
埼玉県北葛飾郡鷲宮町
56%
茨城県稲敷郡江戸崎町
56%
埼玉県北葛飾郡松伏町
56%
栃木県安蘇郡葛生町
56%
千葉県山武郡山武町
56%
栃木県那須郡塩原町
56%
千葉県海上郡飯岡町
56%
茨城県西茨城郡友部町
56%
千葉県印旛郡富里町
56%
千葉県印旛郡栄町
56%
茨城県稲敷郡阿見町
56%
栃木県芳賀郡市貝町
56%
埼玉県比企郡鳩山町
56%
埼玉県秩父郡小鹿野町
56%
埼玉県比企郡川島町
56%
埼玉県児玉郡上里町
56%
埼玉県秩父郡皆野町
56%
埼玉県秩父郡長瀞町
56%
群馬県佐波郡玉村町
56%
栃木県河内郡上三川町
56%
群馬県山田郡大間々町
56%
栃木県下都賀郡壬生町
56%
群馬県多野郡上野村
56%
群馬県邑楽郡邑楽町
56%
群馬県邑楽郡大泉町
56%
茨城県新治郡千代田町
50%
茨城県結城郡八千代町
50%
栃木県下都賀郡野木町
50%
栃木県芳賀郡益子町
50%
群馬県吾妻郡吾妻町
50%
茨城県新治郡新治村
50%
茨城県真壁郡真壁町
50%
栃木県塩谷郡喜連川町
50%
茨城県稲敷郡河内町
50%
栃木県下都賀郡藤岡町
50%
群馬県邑楽郡千代田町
50%
茨城県筑波郡谷和原村
50%
千葉県長生郡長柄町
50%
埼玉県大里郡妻沼町
50%
茨城県北相馬郡藤代町
50%
千葉県夷隅郡御宿町
50%
栃木県河内郡河内町
50%
千葉県印旛郡本埜村
50%
東京都(島嶼部)利島村
50%
埼玉県児玉郡神川町
50%
埼玉県比企郡吉見町
50%
埼玉県秩父郡大滝村
50%
埼玉県入間郡毛呂山町
50%
茨城県猿島郡猿島町
50%
埼玉県北埼玉郡騎西町
50%
埼玉県比企郡都幾川村
50%
群馬県利根郡新治村
50%
栃木県上都賀郡足尾町
50%
埼玉県北足立郡吹上町
50%
埼玉県比企郡滑川町
50%
群馬県甘楽郡南牧村
50%
群馬県多野郡新町
50%
千葉県東葛飾郡関宿町
50%
千葉県東葛飾郡沼南町
50%
群馬県新田郡藪塚本町
44%
群馬県邑楽郡明和町
44%
茨城県東茨城郡茨城町
44%
群馬県北群馬郡吉岡町
44%
栃木県那須郡西那須野町
44%
千葉県夷隅郡岬町
44%
埼玉県秩父郡荒川村
44%
茨城県那珂郡那珂町
44%
千葉県長生郡睦沢町
44%
栃木県安蘇郡田沼町
44%
栃木県下都賀郡国分寺町
44%
群馬県利根郡片品村
44%
群馬県利根郡川場村
44%
群馬県新田郡新田町
44%
千葉県香取郡小見川町
44%
埼玉県南埼玉郡菖蒲町
44%
茨城県鹿島郡波崎町
44%
千葉県香取郡干潟町
44%
埼玉県児玉郡美里町
44%
茨城県鹿島郡大洋村
44%
茨城県多賀郡十王町
44%
茨城県行方郡玉造町
39%
千葉県安房郡天津小湊町
39%
群馬県吾妻郡六合村
39%
茨城県東茨城郡内原町
39%
茨城県結城郡石下町
39%
茨城県那珂郡瓜連町
39%
群馬県利根郡月夜野町
39%
群馬県勢多郡大胡町
39%
千葉県香取郡下総町
39%
千葉県香取郡栗源町
39%
茨城県西茨城郡岩間町
39%
千葉県香取郡山田町
39%
茨城県西茨城郡岩瀬町
39%
茨城県猿島郡総和町
39%
栃木県塩谷郡藤原町
39%
群馬県利根郡昭和村
39%
埼玉県北葛飾郡庄和町
39%
群馬県利根郡利根村
39%
神奈川県津久井郡城山町
39%
埼玉県入間郡三芳町
39%
千葉県安房郡富浦町
39%
埼玉県北埼玉郡北川辺町
39%
群馬県北群馬郡伊香保町
33%
群馬県多野郡吉井町
33%
千葉県海上郡海上町
33%
千葉県匝瑳郡野栄町
33%
茨城県鹿島郡旭村
33%
群馬県勢多郡赤城村
33%
群馬県新田郡笠懸町
33%
群馬県吾妻郡高山村
33%
千葉県安房郡白浜町
33%
埼玉県大里郡花園町
33%
茨城県行方郡麻生町
33%
栃木県下都賀郡都賀町
33%
埼玉県入間郡名栗村
33%
茨城県猿島郡三和町
33%
茨城県新治郡玉里村
28%
群馬県新田郡尾島町
28%
茨城県久慈郡金砂郷町
28%
栃木県塩谷郡栗山村
28%
茨城県東茨城郡美野里町
28%
栃木県下都賀郡岩舟町
28%
栃木県下都賀郡大平町
28%
群馬県多野郡鬼石町
28%
埼玉県大里郡江南町
28%
群馬県多野郡万場町
28%
栃木県那須郡黒羽町
28%
埼玉県秩父郡吉田町
28%
埼玉県北埼玉郡大利根町
28%
千葉県山武郡松尾町
28%
千葉県山武郡蓮沼村
28%
千葉県安房郡和田町
28%
栃木県那須郡馬頭町
28%
茨城県稲敷郡東町
28%
茨城県稲敷郡茎崎町
28%
茨城県新治郡霞ヶ浦町
28%
群馬県群馬郡榛名町
28%
栃木県河内郡上河内町
22%
埼玉県北埼玉郡南河原村
22%
千葉県安房郡丸山町
22%
栃木県河内郡南河内町
22%
茨城県新治郡八郷町
22%
群馬県多野郡中里村
22%
群馬県利根郡白沢村
22%
茨城県稲敷郡新利根町
22%
茨城県真壁郡協和町
22%
群馬県勢多郡黒保根村
22%
埼玉県秩父郡両神村
22%
茨城県真壁郡大和村
22%
栃木県上都賀郡西方町
22%
埼玉県比企郡玉川村
22%
群馬県甘楽郡妙義町
22%
群馬県勢多郡富士見村
22%
群馬県北群馬郡小野上村
22%
埼玉県大里郡大里村
22%
茨城県東茨城郡御前山村
22%
埼玉県大里郡川本町
22%
茨城県稲敷郡桜川村
22%
栃木県上都賀郡粟野町
22%
栃木県那須郡湯津上村
22%
茨城県結城郡千代川村
17%
埼玉県北埼玉郡川里村
17%
千葉県香取郡大栄町
17%
茨城県行方郡牛堀町
17%
茨城県久慈郡里美村
17%
埼玉県児玉郡神泉村
17%
茨城県行方郡北浦町
17%
茨城県真壁郡関城町
17%
茨城県那珂郡美和村
17%
茨城県西茨城郡七会村
17%
茨城県東茨城郡常北町
17%
茨城県那珂郡山方町
17%
千葉県安房郡富山町
17%
千葉県安房郡三芳村
17%
群馬県群馬郡箕郷町
17%
群馬県群馬郡倉渕村
17%
群馬県佐波郡赤堀町
17%
群馬県勢多郡北橘村
17%
栃木県那須郡南那須町
17%
群馬県勢多郡粕川村
17%
群馬県北群馬郡子持村
11%
茨城県真壁郡明野町
11%
茨城県東茨城郡桂村
11%
群馬県勢多郡新里村
11%
茨城県那珂郡緒川村
11%
茨城県久慈郡水府村
11%
群馬県勢多郡宮城村
6%

Score Distribution

Percentile by Number Answered

Percent of People with Each Score

Your Score History

You have not taken this quiz